Spieler von Real Madrid - Sudden Death - Statistiken

Allgemein
  • Dieses Quiz wurde 490 mal gespielt
  • Das Durchschnittsergebnis liegt bei 10 aus 20
Answers on the Grid
Answers color-coded by a green-red scale on the quiz's grid according to % correct below.
Kylian Mbappé
Jude Bellingham
Vinícius Júnior
Federico Valverde
Luka Jović
Robinho
Julien Faubert
Isco
Gareth Bale
Mesut Özil
Ronaldo
Cristiano Ronaldo
Álvaro Morata
Mariano Díaz
Mateo Kovačić
Raúl Albiol
José Callejón
Sami Khedira
Théo Hernandez
Raymond Kopa
Just Fontaine
Roger Piantoni
Xherdan Shaqiri
Frenkie de Jong
Andrés Iniesta
Kingsley Coman
Kim Min-jae
Hidetoshi Nakata
Iago Aspas
Iñigo Lekue
Bebeto
Gerard Moreno
David Villa
Benjamin Mendy
Ronaldinho
Ante Rebić
 
Antwortstatistiken
Antwort % Korrekt
Mesut Özil
71%
Kylian Mbappé
69%
Cristiano Ronaldo
68%
Gareth Bale
68%
Jude Bellingham
66%
Ronaldo
66%
Vinícius Júnior
66%
Federico Valverde
64%
Isco
64%
Sami Khedira
59%
Luka Jović
58%
Álvaro Morata
53%
Mateo Kovačić
44%
Théo Hernandez
42%
Mariano Díaz
37%
Raúl Albiol
37%
Robinho
35%
José Callejón
32%
Raymond Kopa
9%
Julien Faubert
3%
Keine übereinstimmenden Quizze gefunden
Verteilung der Resultate
Anzahl Personen mit jedem Resultat
Perzentil nach korrekt beantworteten Fragen
Ihre Resultats-Entwicklung
Sie haben dieses Quiz noch nicht gespielt